| 000 | 01015cac a22002411u 4500 | ||
|---|---|---|---|
| 090 | _c4615 | ||
| 008 | 081125t 1994xxu||||| |||| 00| 0 eng d | ||
| 010 | _a 93009097 | ||
| 020 | _a0132415305 | ||
| 082 | 0 | 0 |
_a650.13 _bBRI |
| 100 | _aDuBrin, Andrew J. | ||
| 245 | 1 | 0 |
_aApplying psychology : _bindividual and organizational effectiveness / _cAndrew J. DuBrin. |
| 250 | _a4th ed. | ||
| 260 |
_aEnglewood Cliffs, N.J. : _bPrentice Hall Career & Technology, _c1994. |
||
| 300 |
_axiii, 443 p., [8] p. of plates : _bill. (some col.) ; _c25 cm. |
||
| 500 | _aPrev. ed. cataloged as Effective business psychology. | ||
| 504 | _aIncludes bibliographical references and index. | ||
| 650 | 0 |
_aPsychology, Industrial _91014 |
|
| 650 | 0 | _aInterpersonal relations. | |
| 650 | 0 | _aCommunication in management. | |
| 942 |
_cBB _k650.13BRI _2ddc |
||
| 999 |
_c4615 _d4615 |
||